00694cam a2200193 a 450000500170000002000220001704000340003908200170007310000180009024501800010825000120028826000520030030000250035250000390037750000200041654600090043665000310044570000240047620260414103457.0 aN/AcTZS 58,163/= aMCCLbeng.eAACR 2nd rev. ed. a347.5405 MAJ aMajumdar, P.K00aCommentary on code of Civil Procedure, 1908:cAs amended by Act No. 46 of 1999 and act no. 22 of 2002 (w.e.f.1.7.2002) alongwith state & high court amendments/ bP.K. Majumdar a5th ed. aNew Delhi :bOrient publishing company,cc2005. accxl,2822P.:c25 cm. aCover title: Civil procedure code. aIncludes index. aeng. 0aCivil procedurezPakistan.1 aKataria, R.P. (ed.)